| 000 | 00741nam a2200253Ia 4500 | ||
|---|---|---|---|
| 003 | OSt | ||
| 005 | 20220928101615.0 | ||
| 006 | a|||||r|||| 00| 0 | ||
| 007 | ta | ||
| 008 | 220927b |||||||| |||| 00| 0 eng d | ||
| 020 | _c395 | ||
| 024 | _a111455 | ||
| 037 |
_b294, 07/03/2011, Pioneer Book Distributors _cTextual |
||
| 040 |
_aSDCL _cSDCL _beng |
||
| 041 |
_2eng _aeng |
||
| 082 | _aO122,6NTT,2, Q0 | ||
| 100 |
_aTodorov Tzvetan _9375328 |
||
| 245 | 0 |
_aLimits of art _b Two essays. |
|
| 260 |
_aCalcutta _bSeagull Books _c2010 |
||
| 300 |
_a100p. _ccm. |
||
| 650 | _aEnglish | ||
| 942 |
_hO122,6NTT,2, Q0 _cTEXL _2CC |
||
| 999 |
_c708215 _d708215 |
||